[Event "CHN-chT Div-B"]
[Site "Hainan"]
[Date "2023.02.06"]
[Round "2"]
[White "Wang, Shuo"]
[Black "Li, Hao"]
[Result "1/2-1/2"]
[WhiteElo "2228"]
[BlackElo "1649"]
[PlyCount "60"]
[EventDate "2023.02.06"]
[EventType "team-tourn"]
[EventRounds "9"]
[EventCountry "CHN"]
[SourceTitle "CBM 213 Extra"]
[Source "ChessBase"]
[SourceDate "2023.05.31"]
[SourceVersion "1"]
[SourceVersionDate "2023.05.31"]
[SourceQuality "1"]
[WhiteTeam "Qingdao Chess Association"]
[BlackTeam "Ningbo Huangli School"]
[WhiteTeamCountry "CHN"]
[BlackTeamCountry "CHN"]

1. d4 d5 2. c4 c6 3. Nf3 Nf6 4. cxd5 cxd5 5. Nc3 Nc6 6. Bf4 Bd7 7. e3 e6 8. Bd3 a6 9. 0-0 Be7 10. Rc1 0-0 11. Ne5 Nb4 12. Bb1 Rc8 13. Bg5 h6 14. Bh4 Nh7 15. Bxe7 Qxe7 16. a3 Nc6 17. Qd3 Nf6 18. f4 Rfd8 19. Kh1 Na5 20. g4 g6 21. g5 Nh7 22. gxh6 Be8 23. Qe2 Qh4 24. Qg4 Qxg4 25. Nxg4 Nc4 26. Rf2 f5 27. Ne5 Nxe3 28. Re1 Nc4 29. Nxc4 dxc4 30. Rxe6 Rxd4 1/2-1/2